The philosophy of Marxism; (Record no. 37434)
[ view plain ]
| 000 -LEADER | |
|---|---|
| fixed length control field | 00772nam a22002411 4500 |
| 001 - CONTROL NUMBER | |
| control field | 4062167 |
| 003 - CONTROL NUMBER IDENTIFIER | |
| control field | ARRUPE |
| 005 - DATE AND TIME OF LATEST TRANSACTION | |
| control field | 20170727121242.0 |
| 008 - FIXED-LENGTH DATA ELEMENTS--GENERAL INFORMATION | |
| fixed length control field | 740514s1967 nyu b 000 0 eng |
| 010 ## - LIBRARY OF CONGRESS CONTROL NUMBER | |
| LC control number | 67010913 |
| 040 ## - CATALOGING SOURCE | |
| Original cataloging agency | DLC |
| Transcribing agency | DLC |
| Modifying agency | DLC |
| 050 00 - LIBRARY OF CONGRESS CALL NUMBER | |
| Classification number | B809.8 |
| Item number | .S562 |
| 082 00 - DEWEY DECIMAL CLASSIFICATION NUMBER | |
| Classification number | 146/.3 |
| 300 ## - PHYSICAL DESCRIPTION | |
| Dimensions | 19 cm. |
| 100 1# - MAIN ENTRY--PERSONAL NAME | |
| Personal name | Somerville, John, |
| Dates associated with a name | 1905- |
| 9 (RLIN) | 33712 |
| 245 14 - TITLE STATEMENT | |
| Title | The philosophy of Marxism; |
| Remainder of title | an exposition. |
| 260 ## - PUBLICATION, DISTRIBUTION, ETC. (IMPRINT) | |
| Place of publication, distribution, etc | New York, |
| Name of publisher, distributor, etc | Random House |
| Date of publication, distribution, etc | [1967] |
| 300 ## - PHYSICAL DESCRIPTION | |
| Extent | vi, 214 p. |
| 490 0# - SERIES STATEMENT | |
| Series statement | Studies in philosophy, SPH8 |
| 504 ## - BIBLIOGRAPHY, ETC. NOTE | |
| Bibliography, etc | Bibliographical references included in "Notes" (p. [205]-207) |
| 600 10 - SUBJECT ADDED ENTRY--PERSONAL NAME | |
| Personal name | Marx, Karl, |
| Dates associated with a name | 1818-1883. |
| 9 (RLIN) | 33713 |
| 650 #0 - SUBJECT ADDED ENTRY--TOPICAL TERM | |
| Topical term or geographic name as entry element | Dialectical materialism. |
| 9 (RLIN) | 18201 |
| 906 ## - LOCAL DATA ELEMENT F, LDF (RLIN) | |
| a | 7 |
| b | cbc |
| c | orignew |
| d | u |
| e | ocip |
| f | 19 |
| g | y-gencatlg |
| 942 ## - ADDED ENTRY ELEMENTS (KOHA) | |
| Source of classification or shelving scheme | Library of Congress Classification |
| Koha item type | Monograph ( Printed materials) |
| Withdrawn status | Lost status | Source of classification or shelving scheme | Damaged status | Not for loan | Collection code | Home library | Current library | Shelving location | Date acquired | Total Checkouts | Full call number | Barcode | Date last seen | Date checked out | Copy number | Price effective from | Koha item type |
|---|---|---|---|---|---|---|---|---|---|---|---|---|---|---|---|---|---|
| Library of Congress Classification | Main Collection | ARRUPE LIBRARY | ARRUPE LIBRARY | 04/03/2013 | 1 | B809.8.S562 1967 | 46003067420 | 10/03/2017 | 24/02/2017 | 3 | 04/03/2013 | Monograph ( Printed materials) |